Normal view
MARC view
- De Vido, Alfredo
Entry Personal Name
001 - CONTROL NUMBER
- control field: 32999
003 - CONTROL NUMBER IDENTIFIER
- control field: NUST
005 - DATE AND TIME OF LATEST TRANSACTION
- control field: 20201020150113.0
008 - FIXED-LENGTH DATA ELEMENTS
- fixed length control field: 201020|| aca||aabn | a|a d
040 ## - CATALOGING SOURCE
- Original cataloging agency: NUST
- Transcribing agency: NUST
100 ## - HEADING--PERSONAL NAME
- Personal name: De Vido, Alfredo
670 ## - SOURCE DATA FOUND
- Source citation: Work cat.: (NUST)453: De Vido, Alfredo,, Alfredo De Vido :, 1998.
